Norman n'a pas de super-pouvoir
| Auteur principal: | Kamel Benaouda |
|---|---|
| Support: | Livres |
| Langue: | Francais |
| Publié: |
2019 Gallimard-Jeunesse Paris |
| Genre: |
Roman enfant |
| Sujets: | |
| Étiquettes: |
Ajouter
Pas de Tags !
|
| LEADER | 01323nam0a2200193 450 | ||
|---|---|---|---|
| 001 | 16831750 | ||
| 010 | |a 978-2-07-511085-3 |b br. |d 14,5 | ||
| 100 | |a 20181130d2019 u u0frey01 ba | ||
| 101 | 0 | |a fre | |
| 102 | |a FR | ||
| 200 | 0 | |a Norman n'a pas de super-pouvoir |f Kamel Benaouda | |
| 207 | 1 | |a | |
| 210 | |a Paris |c Gallimard-Jeunesse |d 2019 | ||
| 215 | |a 311 p |d 23 cm | ||
| 330 | |a Dans le monde de Norman, chacun possède un don spécial: vision nocturne, télépathie, respiration sous l'eau, invisibilité ... Or ce matin, au collège, Norman doit passer le test qui révèlera à la terre entière qu'il n'a aucun pouvoir. Pour échapper à cette humiliation, une seule solution: tricher! Avec ses amis Agathe, Franck et Jibril, il monte un plan des plus périlleux ... Norman n'a pas de super-pouvoir est une parodie inventive et bourrée d'humour qui mêle la vie au collège, l'action et le grand spectacle. Gagnant du concours du premier roman jeunesse 2018, il succède à La Passe-Miroir de Christelle Dabos, révélée en juin 2013 et aux Mystères de Larispem de Lucie Pierrat-Pajot, grand gagnant en avril 2016. | ||
| 700 | 0 | |a Benaouda |b Kamel |f 1981-.... |4 70 | |
| 900 | |a Roman enfant | ||
| 901 | |a Accessible au prêt | ||
| 995 | |a Bibliothèque |c Bibliothèque |f 024019513 |h 024019513 |k E C3 BEN |o p |q j |r az |e Bibliothèque | ||
